Statistics for Countries with the most skin cancer

Click here to take the quiz!

General Stats

  • This quiz has been taken 33 times
  • The average score is 17 of 20

Answer Stats

Country% Correct
Australia
97%
United Kingdom
93%
United States
93%
Finland
90%
France (metropolitan)
90%
Germany
90%
New Zealand
90%
Norway
90%
Sweden
90%
Belgium
87%
Ireland
87%
Italy
87%
Netherlands
87%
Austria
83%
Canada
83%
Denmark
83%
Switzerland
77%
Czechia
73%
Luxembourg
73%
Slovenia
50%

Score Distribution

Percentile by Number Answered

Percent of People with Each Score

Your Score History

You have not taken this quiz